| 000 | 00000nas 2200000za 4500 |
| 001 | 9.862709 |
| 003 | CaOODSP |
| 005 | 20221107161105 |
| 007 | cr ||||||||||| |
| 008 | 181003d19511955oncar p oss f000#a0eng| |
| 022 | # |y0317-9745 |
| 040 | |aCaOODSP|beng |
| 041 | |aeng|afre |
| 043 | |an-cn--- |
| 086 | 1 |aCS81-204-PDF |
| 245 | 00|aUniversity and college enrolment reported in the current year |h[electronic resource]. |
| 246 | 13|aInscriptions dans les universités et collèges durant d'année académique |f1954/1955 |
| 260 | |aOttawa : |bDominion Bureau of Statistics, |c[1951-1955] |
| 300 | |a5 v. |
| 310 | |aAnnual |
| 362 | 0 |a1950/51-1954/55. |
| 490 | 0 |aMemorandum |
| 500 | |aParallel title, 1954/55: Inscriptions dans les universités et collèges durant d'année académique. |
| 500 | |aIssues for 1953/54-1954/1955 issued in the series: Memorandum. |
| 500 | |aDigitized edition from print [produced by Statistics Canada]. |
| 546 | |aText in English only, 1950/51-1953/54; text in English and French, 1954/1955. |
| 550 | |aIssued 1952/53-1953/54 by Education Division; 1954/1955 by Higher Education Section. |
| 580 | |aContinues: Preliminary report on university and college enrolment. |
| 580 | |aContinued by: University and college enrolment = Inscriptions dans les universities et colleges. |
| 692 | 07|2gccst|aPostsecondary education |
| 710 | 1 |aCanada. |bDominion Bureau of Statistics. |
| 710 | 1 |aCanada.|bDominion Bureau of Statistics.|bEducation Division. |
| 710 | 1 |aCanada.|bDominion Bureau of Statistics.|bHigher Education Section. |
| 780 | 00|tPreliminary report on university and college enrolment |w(CaOODSP)9.862702 |
| 785 | 00|tUniversity and college enrolment |w(CaOODSP)9.862712 |
| 792 | |tUniversity and college enrolment reported in the current year |efre|w(CaOODSP)9.862710 |